000 00438nam a22001577a 4500
020 _a9788130916033
082 _a001.42
100 _aDawson, Catherine
245 _aIntroduction to research methods : A practical guide for anyone undertaking a research project
250 _a4th ed.
260 _aNew Delhi
_bViva Books
_c2010
300 _ax. ; 150 p.
650 _aResearch--Methodology
700 _aCatherine Dawson
942 _cBK
999 _c11386
_d11386